| 000 | 00512cam a22001814a 4500 | ||
|---|---|---|---|
| 005 | 20250605164245.0 | ||
| 008 | 250528s ||||||||||||||||||||||||d | ||
| 035 | _a21474 | ||
| 040 |
_aGR-AtMCL _bgre _dGR-AtMCL _eAACR2 |
||
| 245 | 1 | _aΜΑΡΚΕΤΙΝΓΚ ΜΑΝΑΤΖΜΕΝΤ / ΑΝΑΛΥΣΗ, ΣΧΕΔΙΑΣΜΟΣ, ΥΛΟΠΟΙΗΣΗ & ΕΛΕΓΧΟΣ | |
| 250 | _a7 | ||
| 260 |
_bInterbooks, _c1991 |
||
| 300 | _a1220 | ||
| 700 | 1 |
_aKotler Philip _91146 |
|
| 942 | _cBK | ||
| 999 |
_c6536 _d6536 |
||